000
00321nam a2200121Ia 4500
008
150202s9999 xx 000 0 und d
050
_a
FIC
_b
FIC
100
_a
Bellow, Saul.
245
_a
Seize the day /
_c
Saul Bellow.
260
_a
New York :
_b
Avon Books,
_c
1956.
300
_a
128 pages :
_c
18 cm.
650
_a
Fiction.
999
_c
281847
_d
281847